Tyrese Gibson Filmography - Statistics

General Stats
  • This quiz has been taken 24 times
    11 since last reset
  • The average score is 7 of 86
Answer Stats
Type Year Name % Correct
Film 2003 2 Fast 2 Furious
67%
Film 2011 Fast Five
67%
Film 2013 Fast & Furious 6
67%
Film 2023 Fast X
67%
Film 2007 Transformers
67%
Film 2006 Annapolis
33%
Film 2001 Baby Boy
33%
Commercial 1994 Coca-Cola
33%
Film 2021 F9: The Fast Saga
33%
Film 2005 Four Brothers
33%
Film 2015 Furious 7
33%
TV Show 1996 Hangin' with Mr. Cooper
33%
TV Show 1998 Sister, Sister
33%
Film 2017 The Fate of the Furious
33%
Film 2011 Transformers: Dark of the Moon
33%
Film 2009 Transformers: Revenge of the Fallen
33%
Film 2006 Waist Deep
33%
Award Show 2003 9th Annual Soul Train Lady of Soul Awards
0%
TV Show 2002 All That
0%
TV Show 2016 American Dad!
0%
Film 2023 Bad Hombres
0%
Film 2019 Black and Blue
0%
Film 2013 Black Nativity
0%
Film 2024 Bloodline Killer
0%
Film 2001 Blue's Big Holiday
0%
TV Show 1999 Blue's Clues
0%
Film 2024 Bosco
0%
Film TBA Bunker
0%
Film 2022 Come Out Fighting
0%
Commercial 2014 Crown Royal
0%
Film 2021 Dangerous
0%
Film 2008 Death Race
0%
Film TBA Desert Eagle
0%
Commercial 2020 Dodge
0%
Short Film 2021 F9: Jet-Engine-Kart LA Race
0%
Video Game 2020 Fast & Furious Crossroads
0%
Theme Park Attraction 2015 Fast & Furious: Supercharged
0%
Film TBA Fast X: Part 2
0%
Film 2004 Flight of the Phoenix
0%
Film 2024 Fluxx
0%
Short Film 2020 For NYC
0%
TV Show 2003 Half & Half
0%
Film TBA Hard Matter
0%
Film 2023 Helen's Dead
0%
Film 2025 Holiguards
0%
Film 2015 Hollywood Adventures
0%
Film 2025 Hollywood Grit
0%
TV Show 2000 Hollywood Squares
0%
Documentary 2018 I Am Paul Walker
0%
Documentary Series 2023 Icons Unearthed
0%
TV Show 2016 It's Not You, It's Men
0%
TV Show 2016 K.Michelle: My Life
0%
TV Show 2010 La La's Full Court Wedding
0%
Film 2010 Legion
0%
TV Show 2015 Lip Sync Battle
0%
TV Film 2000 Love Song
0%
TV Show 1997 Martin
0%
TV Special 2011 Mic Check Live: Mrs. Lauryn Hill & Tyrese Gibson
0%
TV Show 2000 Moesha
0%
Film 2022 Morbius
0%
Film TBA Oscar Shaw
0%
TV Show 2005 Punk'd
0%
Film 2016 Ride Along 2
0%
Film 2021 Rogue Hostage
0%
TV Show 1998, 2001, 2007 Showtime at the Apollo
0%
Music Video 2024 Smoke Up
0%
TV Show 2001, 2003 Soul Train
0%
TV Documentary 2004 Spike TV's 52 Favorite Cars
0%
Film 2023 Squealer
0%
TV Show 2017 Star
0%
TV Show 2003 Star Search
0%
Award Show 2006 The 20th Annual Soul Train Music Awards
0%
TV Show 2001 The Andy Dick Show
0%
Film 2020 The Christmas Chronicles: Part Two
0%
Film 2023 The Collective
0%
TV Show 2021 The Masked Singer
0%
TV Show 1998 The Parent 'Hood
0%
TV Special 2020 The Road to F9: Fast & Furious Fan Fest
0%
TV Show 2012 The Soup
0%
Film 2022 The System
0%
Film 2007 The Take
0%
Documentary 2010 The Untouchables of Kentucky
0%
Film TBA The Wrecker
0%
TV Show 2023 Top Chef
0%
Film TBA Vampires of the Velvet Lounge
0%
TV Show 2001 Who Wants to Be a Millionaire
0%
No matching quizzes found
Score Distribution
Percent of People with Each Score
Percentile by Number Answered
Your Score History
You have not taken this quiz since the last reset